FIFA World Cup 2006: Quarterfinal Brazil vs France - Statistics

General Stats
  • This quiz has been taken 135 times
  • The average score is 21 of 30
Answer Stats
# Team Position Player % Correct
9 Real Madrid FW Ronaldo
99%
10 FC Barcelona MF Ronaldinho
97%
12 Arsenal FC FW / 1 goal / out 85' Thierry Henry
97%
8 AC Milan MF / out 79' Kaká
95%
10 Real Madrid MF Zinédine Zidane
95%
2 AC Milan DF / out 76' Cafú
92%
1 AC Milan GK Dida
92%
6 Real Madrid DF Roberto Carlos
87%
16 Olympique de Marseille GK Fabien Barthez
84%
3 Bayern München DF Lúcio
82%
6 Chelsea FC MF Claude Makélélé
79%
22 Olympique de Marseille MF / out 77' Franck Ribéry
78%
19 Olympique Lyonnais MF / out 64' Juninho Pernambucano
74%
15 Juventus FC DF Lilian Thuram
74%
7 Inter Milan FW / in 64' Adriano
73%
17 Arsenal FC MF Gilberto Silva
71%
4 Juventus FC MF Patrick Vieira
69%
23 Real Madrid FW / in 79' Robinho
66%
5 Chelsea FC DF William Gallas
66%
7 Olympique Lyonnais MF / out 81' Florent Malouda
64%
11 Bayern München MF Zé Roberto
61%
19 Bayern München DF Willy Sagnol
60%
3 Olympique Lyonnais DF Éric Abidal
54%
4 Bayer Leverkusen DF Juan
48%
14 Manchester United FW / in 85' Louis Saha
45%
11 Olympique Lyonnais FW / in 81' Sylvain Wiltord
42%
Coach Raymond Domenech
40%
9 Olympique Lyonnais FW / in 77' Sidney Govou
40%
13 Real Madrid DF / in 76' Cicinho
34%
Coach Carlos Alberto Parreira
22%
No matching quizzes found
Score Distribution
Percent of People with Each Score
Percentile by Number Answered
Your Score History
You have not taken this quiz